000 01082cam a22003131 4500
001 7834149
003 OSt
005 20151111115945.0
008 751217s1930 enka 000 1 eng
010 _a 36037041
020 _a9780140350883
035 _a(OCoLC)1896738
040 _aDLC
_cFJ
_dOCoLC
_dDLC
050 0 0 _aPR 2877
_b.L3 1987
082 _aHS 822.33
_bL16 1987
100 1 _aLamb, Charles
_d1775-1834.
_912720
245 1 0 _aTales from Shakespeare /
_cCharles and Mary Lamb.
260 _aLondon :
_bPenguin,
_cc1987.
300 _a320 p. :
_c18 cm.
490 0 _aHalf-title: Everyman's library, ed. by Ernest Rhys. For young people [no. 8]
600 1 0 _aShakespeare, William,
_d1564-1616
_xStories, plots, etc.
_912721
600 1 0 _aShakespeare, William,
_d1564-1616
_vAdaptations.
_912722
700 1 _aShakespeare, William,
_d1564-1616.
_912723
700 1 _aLamb, Mary,
_d1764-1847,
_ejoint author.
_912724
700 1 _aRackham, Arthur,
_d1867-1939,
_eillus.
_912725
906 _a7
_bcbc
_coclcrpl
_du
_encip
_f19
_gy-gencatlg
942 _2lcc
_cBK
999 _c9184
_d9184